Statistics for Roman Emperors

Click here to take the quiz!

General Stats

  • This quiz has been taken 507 times
  • The average score is 41 of 105

Answer Stats

DynastyReignLength of ReignAnswer% Correct
Julio - Claudian Dynasty16 BC - 1440 years, 7 months, and 3 daysAugustus
100%
Julio - Claudian Dynasty54 - 6813 years, 7 months, and 27 daysNero
97%
Julio - Claudian Dynasty37 - 413 years, 10 months, 6 daysCaligula
95%
Julio - Claudian Dynasty14 - 3722 years, 5 months, and 27 daysTiberius
95%
Julio - Claudian Dynasty41 - 5413 years, 8 months, 18/19 daysClaudius
92%
Nerva - Antonine Dynasty117 - 13820 years, 10 months, and 30 daysHadrian
78%
Eastern Empire - Leonid Dynasty475 - 476~1 yearMarcus
78%
Nerva - Antonine Dynasty(177) 180 - 19212 years, 9 months, and 14 daysCommodus
76%
Nerva - Antonine Dynasty96 - 981 year, 4 months, and 9 daysNerva
76%
Year of the Four Emperors and the Flavian Dynasty79 - 812 years, 2 months, and 20 daysTitus
73%
Nerva - Antonine Dynasty98 - 11719 years, 6 months, and 10 daysTrajan
73%
Nerva - Antonine Dynasty161 - 18019 years and 10 daysMarcus Aurelius
70%
Year of the Four Emperors and the Flavian Dynasty693 months and 1 dayOtho
70%
Nerva - Antonine Dynasty138 - 16122 years, 6 months and 28 daysAntoninus Pius
65%
Year of the Five Emperors and the Severan Dynasty(198) 211 - 2176 years, 2 months, 4 daysCaracalla
65%
Year of the Four Emperors and the Flavian Dynasty69 - 799 years, 6 months, and 3 daysVespasian
65%
Year of the Four Emperors and the Flavian Dynasty81 - 9615 years and 4 daysDomitian
62%
Year of the Four Emperors and the Flavian Dynasty68 - 697 months and 7 daysGalba
62%
Year of the Five Emperors and the Severan Dynasty218 - 2223 years, 9 months, and 3 daysElagabalus
59%
Year of the Five Emperors and the Severan Dynasty193 - 21117 years, 9 months, and 26 daysSeptimius Severus
59%
Nerva - Antonine Dynasty161 - 1698 yearsLucius Verus
57%
Year of the Four Emperors and the Flavian Dyansty698 months and 3 daysVitellius
57%
Tetrarchy and Constantinian Dynasty284 - 30520 years, 5 months, and 11 daysDiocletian
54%
Year of the Five Emperors and the Severan Dynasty1932 months and 27 daysPertinax
54%
Crisis of the Third Century270 - 2755 yearsAurelian
46%
Year of the Five Emperors and the Severan Dynasty(209) 21110 months, 24 daysGeta
46%
Crisis of the Third Century249 - 2512 yearsPhilip II
46%
Year of the Five Emperors and the Severan Dynasty1932 months and 4 daysDidius Julianus
43%
Valentinian Dynasty364 - 37511 years, 8 months and 22 daysValentinian
43%
Crisis of the Third Century253 - 2607 yearsValerian
43%
Crisis of the Third Century2383 months and 7 daysBalbinus
41%
Western Empire - Theodosian Dynasty(407) 409 - 4112 yearsConstans
41%
Tetrarchy and Constantinian Dynasty337 - 35013 yearsConstans
41%
Tetrarchy and Constantinian Dynasty(317) 337 - 3403 yearsConstantine II
41%
Crisis of the Third Century23821 daysGordian I
41%
Crisis of the Third Century23821 daysGordian II
41%
Crisis of the Third Century238 - 2445 years, 9 months and 20 daysGordian III
41%
Crisis of the Third Century2383 months and 7 daysPupienus
41%
Tetrarchy and Constantinian Dynasty(306) 307 - 33730 years, 9 months, and 27 daysConstantine the Great
38%
Tetrarchy and Constantinian Dynasty(293) 305 - 3116 yearsGalerius
38%
Tetrarchy and Constantinian Dynasty286 - 30519 years and 1 monthMaximian
38%
Crisis of the Third Century235 - 2383 years and 3 monthsMaximinus Thrax
38%
Year of the Five Emperors and the Severan Dynasty222 - 23513 years and 5 daysSeverus Alexander
38%
Western Empire - Theodosian Dynasty379 - 39515 years, 11 months, and 29 daysTheodosius I
38%
Eastern Empire - Theodosian Dynasty379 - 39515 years, 11 months, and 29 daysTheodosius I
38%
Eastern Empire - Theodosian Dynasty402 - 45048 yearsTheodosius II
38%
Eastern Empire - Theodosian Dynasty(383) 395 - 40813 yearsArcadius
35%
Western Empire - Theodosian Dynasty(393) 395 - 42328 years, 6 months, and 29 daysHonorius
35%
Tetrarchy and Constantinian Dynasty360 - 3633 yearsJulian
35%
Year of the Five Emperors and the Severan Dynasty217 - 2181 year, 1 month, and 28 daysMacrinus
35%
Last Emperors of the Western Empire475 - 47610 months and 4 daysRomulus Augustulus
35%
Crisis of the Third Century275 - 2769 monthsTacitus
35%
Valentinian Dynasty364 - 37814 years, 4 months, and 12 daysValens
35%
Crisis of the Third Century2532 monthsAemilian
32%
Crisis of the Third Century283 - 2851 yearsCarinus
32%
Crisis of the Third Century282 - 28310-11 monthsCarus
32%
Crisis of the Third Century268 - 2701 year and 4 monthsClaudius Gothicus
32%
Crisis of the Third Century2511 year and 9 monthsDecius
32%
Tetrarchy and Constantinian Dynasty308 - 32415 years, 10 months, and 7 daysLicinius
32%
Crisis of the Third Century276 - 2826 yearsProbus
32%
Tetrarchy and Constantinian Dynasty337 - 36124 years, 5 months, and 12 daysConstantius II
30%
Crisis of the Third Century253 - 26815 yearsGallienus
30%
Crisis of the Third Century2514 - 5 monthsHostilian
30%
Tetrarchy and Constantinian Dynasty363 - 3647 months and 22 daysJovian
30%
Last Emperors of the Western Empire474 - 4751 year / 6 yearsJulius Nepos
30%
Eastern Empire - Leonid Dynasty457 - 47416 years, 11 months, and 11 daysLeo I
30%
Tetrarchy and Constantinian Dynasty306 - 3126 yearsMaxentius
30%
Crisis of the Third Century283 - 2842 yearsNumerian
30%
Crisis of the Third Century244 - 2495 years and 6 monthsPhilip the Arab
30%
Crisis of the Third Century2709 months(?)Quintillus
30%
Crisis of the Third Century251 - 2532 years and 2 monthsTrebonianus Gallus
30%
Tetrarchy and Constantinian Dynasty(293) 305 - 3061 year, 2 months and 24 daysConstantius Chlorus
27%
Valentinian Dynasty367 - 38316 years and 21 daysGratian
27%
Eastern Empire - Leonid Dynasty4749 months and 23 daysLeo II
27%
Last Emperors of the Western Empire457 - 4614 yearsMajorian
27%
Eastern Empire - Theodosian Dynasty450 - 4577 yearsMarcian
27%
Valentinian Dynasty375 - 39216 years, 5 months, and 28 daysValentinian II
27%
Tetrarchy and Constantinian Dynasty3509 months and 24 daysVetranio
27%
Eastern Empire - Leonid Dynasty474 - 49117 yearsZeno
27%
Last Emperors of the Western Empire455 - 4561 year, 3 months, and 8 daysAvitus
24%
Last Emperors of the Western Empire473 - 4741 yearGlycerius
24%
Last Emperors of the Western Empire4723 months and 22 dayOlybrius
24%
Western Empire - Theodosian Dynasty424 - 45530 years, 4 months, and 21 daysValentinian III
24%
Last Emperors of the Western Empire467 - 4725 years, 2 months, and 29 daysAnthemius
22%
Western Empire - Theodosian Dynasty(407) 409 - 4112 yearsConstantine III
22%
Western Empire - Theodosian Dynasty4216 months and 25 daysConstantius III
22%
Year of the Five Emperors and the Severan Dynasty2181 monthDiadumenian
22%
Crisis of the Third Century2763 monthsFlorianus
22%
Crisis of the Third Century2511 monthHerennius Etruscus
22%
Last Emperors of the Western Empire4624 yearsLibius Severus
22%
Last Emperors of the Western Empire4552 months and 14 daysPetronius Maximus
22%
Eastern Empire - Leonid Dynasty491 - 51827 years, 2 months, and 28 daysAnastasius I
16%
Eastern Empire - Leonid Dynasty475 - 4761 year and 7 monthsBasiliscus
16%
Tetrarchy and Constantinian Dynasty(305) 311 - 3132 yearsMaximinus Daia
16%
Crisis of the Third Century2601 month(?)Saloninus
16%
Tetrarchy and Constantinian Dynasty(305) 306 - 3071 yearValerius Severus
16%
Crisis of the Third Century251 - 2531 year and 9 monthsVolusianus
16%
Western Empire - Theodosian Dynasty423 - 4252 yearsJoanes
14%
Valentinian Dynasty383/384 - 3884/5 yearsMagnus Maximus
14%
Valentinian Dynasty392 - 3942 years and 15 daysEugenius
11%
Tetrarchy and Constantinian Dynasty3175 months(?)Valerius Valens
11%
Tetrarchy and Constantinian Dynasty3242 monthsMartinian
8%
Eastern Empire - Theodosian Dynasty450 - 4533 yearsPulcheria
8%
Crisis of the Third Century275BrieflyUlpia Severina
8%
Valentinian Dynasty383/384 - 3884/5 yearsVictor
8%

Score Distribution

Percentile by Number Answered

Percent of People with Each Score

Your Score History

You have not taken this quiz